| 000 | 00944pam a2200289 a 4500 | ||
|---|---|---|---|
| 999 |
_c2342 _d2342 |
||
| 001 | 019500370 | ||
| 003 | UkOxU | ||
| 005 | 20230419115844.0 | ||
| 008 | 121003r20122007enka j 000 1 eng d | ||
| 015 |
_aGBB2A2195 _2bnb |
||
| 020 | _a9781409555940 (pbk.) : | ||
| 035 | _a(Uk)016186489 | ||
| 040 |
_aStDuBDS _beng _cStDuBDS _dUk _dKH8 |
||
| 042 | _aukblcatcopy | ||
| 082 | 0 | 4 |
_a823.92 DAV _223 |
| 100 | 1 |
_aDavidson, Susanna. _eAuthor |
|
| 245 | 1 | 4 |
_aThe town mouse and the country mouse / _cillustrated by Jacqueline East ; retold by Susanna Davidson ; based on a story by Aesop. |
| 260 |
_aLondon : _bUsborne, _c2012. |
||
| 300 |
_a1 volume (unpaged) : _bchiefly col. ill. ; _c25 cm. |
||
| 500 | _aOriginally published: 2007. | ||
| 500 |
_aFormerly CIP. _5Uk |
||
| 521 | 2 | _aFoundation stage. | |
| 655 | 7 |
_aChildren's stories _vPictorial works. _2gsafd |
|
| 700 | 1 |
_aEast, Jacqueline. _eIllustrator |
|
| 700 | 0 | _aAesop. | |
| 942 |
_2ddc _cFIC |
||